LEADER 01192nam a2200277 a 4500 001 000000132244 003 CaOOAMICUS 005 20121219111536.0 008 121219s2012 enk u001 u eng r 020 $a978-0-230-35974-1 040 $aPUL$bita 082 04$a303.6 100 1 $aCockburn, Cynthia.$0(OLS)http://pul/name/85178 245 00$aAnti-militarism :$bpolitical and gender dynamics of peace movements /$cCynthia Cockburn. 260 $aHoundmills :$bPalgrave Macmillan,$cİ2012. 300 $axvi, 297 p. ;$c23 cm. 504 $aInclude riferimenti bibliografici (p. 264-276) e indice. 650 4$aPacifismo.$0(OLS)http://pul/subject/7025 850 $aPUL 852 $aPUL$W1$xSL Diritto e Scienze Sociali 3$y79$m303. 6 COCCY 1$j152187$qDDC 21$B151538$CPULBib$Z2$F151538 $H121239 $82 941 1 $a9 996 $6020$a978-0-230-35974-1$9(OLS)http://pul/number/151418 996 $6082$a303.6$9(OLS)http://pul/classification/1936 996 $6245$aAnti-militarism :$bpolitical and gender dynamics of peace movements$9(OLS)http://pul/title/167064 996 $6260$aHoundmills :$bPalgrave Macmillan$9(OLS)http://pul/publisher/75862 LEADER 01162nam a2200277 u 4500 001 000000031140 003 CaOOAMICUS 005 20070226112115.0 008 970929s1968 it u000 u eng u 035 $a10770839 040 $aPUL(R)$bita 100 1 $aDijk, H. J. van,$dS.C.I.$0(OLS)http://pul/name/24933 245 10$aEzechiel's prophecy on tyre (Ez. 26,1 - 28, 19) :$ba new approach. 260 $aRomae :$bPontifical biblical Institute,$c1968. 300 $axii, 149 p. ;$c24 cm 490 1 $aBiblica et orientalia ;$v20 500 $aIndici: p. [123]-144. 504 $aBibliografia: p. [145]-149. 630 04$aBiblia.$pV.T.$pEzechiel$xCommenti.$0(OLS)http://pul/subject/2178 830 0$aBiblica et orientalia ;$v20.$0(OLS)http://pul/title/2018 850 $aPUL 852 $aPUL$W1$xSL Religione 1$y3$m7 F 26$j43013$nBK-PRI$b $qStampati$B43013$CPULBib$Z2$F43013 $H $81 941 1 $a8 961 $aINV: 30047 996 $6245$aEzechiel's prophecy on tyre (Ez. 26,1 - 28, 19) :$ba new approach$9(OLS)http://pul/title/42792 996 $6260$aRomae :$bPontifical biblical Institute$9(OLS)http://pul/publisher/60951